Szczegóły MARC21

Ceny transferowe : analiza regulacji normatywnych, przykłady rozwiązań praktycznych /

003 -Nazwa inst., której nr kontr. jest w polu 001 [,]
    • @
    • Nazwa instytucji, której n kontrolny jest w polu 001
    • NUKAT
005 -DATA I CZAS OSTATNIEJ MODYFIKACJI [,]
    • @
    • pole kontrolne
    • 20241231102443.0
020 -Międzynarod. znormalizowany nr książki - ISBN [ , ]
    • a
    • Numer ISBN
    • 9788376416458 Find
040 -Instytucja sporządzająca opis [ , ]
    • a
    • Instytucja, która sporządziła opis (NP)
    • OLSZT 003/HP
    • c
    • Instytucja, która sporządziła rekord (NP)
    • OLSZT 003/HPs
942 -Rodzaj dokumentu [ , ]
    • c
    • Rodzaj dokumentu
    • Książka
100 -Hasło główne - nazwa osobowa [1, ]
    • a
    • Nazwa osobowa (NP)
    • Wiśniewski, Paweł
    • c
    • Dopowiedzenie inne niż daty biograficzne (P)
    • (prawo).
    • 9
    • KHW
    • 46912
245 -Strefa tytułu i oznaczenia odpowiedzialności [1,0]
    • a
    • Tytuł
    • Ceny transferowe : Find
    • b
    • Ciąg dalszy tytułu (NP)
    • analiza regulacji normatywnych, przykłady rozwiązań praktycznych / Find
    • c
    • Pozostałe elementy strefy tytułu i oznaczenia odpowiedzialności (NP)
    • Paweł Wiśniewski, Wojciech Komer.
260 -Strefa adresu wydawniczego [ , ]
    • a
    • Miejsce wydania (P)
    • Warszawa, :
    • b
    • Nazwa wydawcy (P)
    • Difin,
    • c
    • Data wydania (P)
    • 2012.
300 -Strefa opisu fizycznego [ , ]
    • a
    • Określenie formy książki i/lub objętość (NP)
    • 288 s. ;
    • c
    • Format (NP)
    • 23 cm.
336 -Typ zawartości [ , ]
    • a
    • Termin opisujący typ zawartości
    • Tekst
    • b
    • Kod określający zawartość
    • txt
    • 2
    • Źródło (terminu i kodu)
    • rdacontent
337 -Typ mediów [ , ]
    • a
    • Tryb odtwarzania
    • Bez urządzenia pośredniczącego
    • b
    • Kod typu mediów
    • n
    • 2
    • Źródło (terminu i kodu)
    • rdamedia
338 -Typ/rodzaj nośnika [ , ]
    • a
    • Hasło opisujące typ nośnika
    • Wolumin
    • b
    • Kod typu nośnika
    • nc
    • 2
    • Źródło (terminu i kodu)
    • rdacarrier
500 -Uwaga ogólna [ , ]
    • a
    • Uwaga ogólna (NP)
    • Na okł.: HLB Sarnowski & Wiśniewski.
504 -Uwaga dot. bibliogr. załącznikowej [ , ]
    • a
    • Uwaga dot. bibliografii załącznikowej
    • Bibliogr. s. 285-288.
080 -Uniwersalna Klasyfikacja Dziesiętna [ , ]
    • 2
    • Identyfikator wydania tablic
    • BN KHW UKD
    • 9
    • UKD
    • 94057
    • a
    • Symbol klasyfikacji
    • 338.53:339.72
    • b
    • Dopowiedzenie
    • Ceny transferowe. Ceny transakcyjne. Transfer pricing.
650 -Hasło przedmiotowe [ ,7]
    • a
    • Hasło przedmiotowe
    • Ceny transferowe
    • z
    • Określnik geograficzny
    • Polska
    • y
    • Określnik chronologiczny
    • 1990-.
    • 2
    • Źródło terminu
    • kaba
    • 9
    • KHW
    • 390102
650 -Hasło przedmiotowe [ ,7]
    • a
    • Hasło przedmiotowe
    • Ceny transferowe
    • x
    • Określnik rzeczowy
    • prawo
    • z
    • Określnik geograficzny
    • Polska
    • y
    • Określnik chronologiczny
    • 1990-.
    • 2
    • Źródło terminu
    • kaba
    • 9
    • KHW
    • 365130
650 -Hasło przedmiotowe [ ,7]
    • a
    • Hasło przedmiotowe
    • Przedsiębiorstwa
    • x
    • Określnik rzeczowy
    • podatki
    • x
    • Określnik rzeczowy
    • prawo
    • z
    • Określnik geograficzny
    • Polska
    • y
    • Określnik chronologiczny
    • 1990-.
    • 2
    • Źródło terminu
    • kaba
    • 9
    • KHW
    • 361017
650 -Hasło przedmiotowe [ ,7]
    • a
    • Hasło przedmiotowe
    • Zarządzanie ryzykiem
    • z
    • Określnik geograficzny
    • Polska
    • y
    • Określnik chronologiczny
    • 1990-.
    • 2
    • Źródło terminu
    • kaba
    • 9
    • KHW
    • 364568
980 -Symbol UKD [ , ]
    • a
    • UKD
    • 338.53:339.72
700 -Hasło dodatkowe - nazwa osobowa [1, ]
    • a
    • Nazwa osobowa (NP)
    • Komer, Wojciech. Find
    • 9
    • KHW
    • 41985
710 -Hasło dodatkowe - nazwa ciała zbiorowego [2, ]
    • a
    • Nazwa ciała zbiorowego lub nazwa geograficzna jako pierwszy element (NP)
    • Difin.
    • 4
    • Kod relacji
    • pbl
    • 9
    • KHW
    • 52248
920 -ISBN [ , ]
    • a
    • ISBN
    • 978-83-7641-645-8 Find
Lokalizacja Data inwentaryzacji Status udost. Numer inwentarzowy Sygnatura
BSA2012-08-141SA.21255SA.21255
T2014-03-04-2T.15136T.15136